00499nam a2200133 a 450000100100000000500170001000800410002704000250006808200150009311100790010824500290018726001210021630000280033700002785420200930031141.0110405s1979 dr a 000 0 spa d aDO-SdBNPbspacBNPHU axxxxbS4711 aSeminario-taller de fruticulturan(1erd1979, jun. 18-22 :cSanto Domingo)10aFruticultura Dominicana. aSanto Domingo :bSecretaría de Estado de Agricultura, Programa Integrado de Desarrollo Frutícola (PIFRU),c1979. a133 p. :bil. ;c28 cm.